000 00717nam a2200253Ia 4500
003 OSt
005 20220918201013.0
006 a|||||r|||| 00| 0
007 ta
008 220917b |||||||| |||| 00| 0 eng d
024 _a91,185
037 _cTextual
040 _aARTS
_cARTS
_beng
041 _2eng
_aeng
082 _aU8.65, K8
100 _aFreeman Thomas Birch
_996327
245 0 _aJournal of various visits to the Kingdoms of Ashanti Aku and Dahomi in Westren Africa
250 _aThird Edition
260 _aLondon
_bFrank Cass
_c1968
300 _axxxix, 298p.
_ccm.
650 _aGEOGRAPHY
942 _hU8.65, K8
_cTEXL
_2CC
999 _c214845
_d214845